000 00470nam a2200181 a 4500
001 14810
003 CO-ViMGA
008 141112s2004 ck r 000 u spa d
020 _a9583005606
040 _aCO-ViMGA
_bspa
_cCO-ViMGA
082 0 4 _aGRIce1
100 1 _aGrimm, Jacob y Wilhelm
_911
245 1 0 _aCenicienta y otros cuentos
260 _aBtá,
_cPanAméricana,
_c1999
300 _a180.p.il.
650 1 4 _aCUENTOS INFANTILES ALEMANES
_921504
942 _2ddc
_cBK
999 _c25298
_d25298